000 00929nam a2200253 i 4500
003 DO-SdBNP
005 20250611093238.0
007 ta
008 210716e2010 dr a frt 001 0 spa d
040 _aDO-SdBNP
_bspa
_cBNPHU
_erda
082 4 _axxxx
_bR426i
_222
110 1 _aRepública Dominicana.
_bCámara de Cuentas
_912254
245 1 0 _aPlan estratégico de desarrollo y sostenibilidad institucional :
_b2010-2016 /
_cedición, Milagros Germán R.
264 1 _aSanto Domingo :
_bCámara de Cuentas de la República Dominicana,
_c2010.
300 _a96 páginas :
_bilustraciones ;
_c26 cm.
_eCD-ROOM
336 _atexto
_btxt
_2rdacontent
337 _asin mediación
_bn
_2rdamedia
338 _avolumen
_bnc
_2rdacarrier
590 _aInventariado 2022 / YL
610 4 _938292
_aRepública Dominicana.
_bCámara de cuentas
700 1 _aGermán R., Milagros,
_eeditor
_4ed.
_982526
910 _aYLockward
942 _2ddc
_cLBS1
999 _c52557
_d52557